| 000 | 01096nam a2200325 i 4500 | ||
|---|---|---|---|
| 001 | 11274 | ||
| 003 | KOSZ 005 | ||
| 005 | 20210216145907.0 | ||
| 008 | 080722s1956 pl a f 001 0 pol | ||
| 015 | _aPB 1956/3469 | ||
| 040 |
_aWA N _cWA N _dKOSZ 005/RW |
||
| 080 | _a543:658.57:66 | ||
| 100 | 1 |
_aWaszak, Stefan _eAutor |
|
| 245 | 1 | 0 |
_aKontrola analityczna w przemyśle chemicznym. _nT. 2, _pAnaliza gazów / _cStefan Waszak, Jerzy Wacławik. |
| 246 | 3 | 0 | _aAnaliza gazów. |
| 260 |
_aWarszawa : _bPaństwowe Wydawnictwa Techniczne, _c1956. |
||
| 300 |
_a339, [1] s. : _bil. ; _c25 cm. |
||
| 380 | _aKsiążki | ||
| 388 | _a1901-2000 | ||
| 388 | _a1945-1989 | ||
| 504 | _aBibliogr. s. [335]. Indeks. | ||
| 650 | 4 | _aGazy | |
| 650 | 4 | _aAnaliza chemiczna | |
| 650 | 4 | _aPrzemysł chemiczny | |
| 658 | _aChemia | ||
| 700 | 1 |
_aWacławik, Jerzy _eAutor |
|
| 710 | 2 |
_aPaństwowe Wydawnictwa Techniczne _4pbl. |
|
| 856 |
_uhttp://koha.tu.koszalin.pl/cgi-bin/koha/opac-detail.pl?biblionumber=11274 _yKatalog online BPK |
||
| 942 |
_2UKD _cKS |
||
| 999 |
_c11274 _d11274 |
||